| 000 | 00986cam a22002771a 4500 | ||
|---|---|---|---|
| 001 | 73209622 //r823 | ||
| 003 | DLC | ||
| 005 | 20200129130613.0 | ||
| 008 | 780306m19009999ohu 00000 grc | ||
| 010 | _a 73209622 //r823 | ||
| 040 |
_aDLC _cDLC _dDLC |
||
| 041 | 0 | _agrchebeng | |
| 050 | 0 | 0 |
_aBS421 _b.C64 |
| 082 | 0 | 0 |
_a220.4/4 _219 |
| 245 | 0 | 4 |
_aThe Computer Bible / _cJ. Arthur Baird, David Noel Freedman, editors. |
| 260 | 0 |
_a[Wooster, Ohio] : _bBiblical Research Associates, _c<1973-c1980 > |
|
| 300 |
_av. <2-4, 7-10, 13, 15-18, 20-24 > ; _c28 cm. |
||
| 500 | _aHebrew and Greek; introductions in English. | ||
| 500 | _aVols. 2, 8: Missoula, Mont. : Published by Scholars Press for Biblical Research Associates. | ||
| 630 | 0 |
_aBible. O.T. _xConcordances, Hebrew. |
|
| 630 | 0 | 0 |
_aBible. _pN.T. _xConcordances, Greek. |
| 700 | 1 | 0 |
_aBaird, J. Arthur _q(Joseph Arthur) |
| 700 | 1 | 0 |
_aFreedman, David Noel, _d1922- |
| 710 | 2 | 0 | _aBiblical Research Associates. |
| 999 |
_c349 _d349 |
||
| 942 | _cMX | ||